Impact of establishing rubber nurseries for long period on soil health management under the rubber growing nurseries of Meghalaya (Record no. 60737)

MARC details
000 -LEADER
fixed length control field 00710nam a2200193Ia 4500
100 ## - MAIN ENTRY--AUTHOR NAME
Personal name Singh R.P
245 #0 - TITLE STATEMENT
Title Impact of establishing rubber nurseries for long period on soil health management under the rubber growing nurseries of Meghalaya
260 ## - PUBLICATION, DISTRIBUTION, ETC. (IMPRINT)
Name of publisher In: Sustainable Farming and Soil Health Management. (Eds. Sanjay Arora and Suraj Bhan). Soil Conservation Society of India, New Delhi, India, pp. 96-105.
500 ## - GENERAL NOTE
General note Source Year: 2017
650 ## - SUBJECT ADDED ENTRY--TOPICAL TERM
Topical Term Meghalaya
650 ## - SUBJECT ADDED ENTRY--TOPICAL TERM
Topical Term Rubber nurseries
650 ## - SUBJECT ADDED ENTRY--TOPICAL TERM
Topical Term Soil health management
700 ## - ADDED ENTRY--PERSONAL NAME
Personal name Choudhury M
700 ## - ADDED ENTRY--PERSONAL NAME
Personal name Jacob J
700 ## - ADDED ENTRY--PERSONAL NAME
Personal name Reju M.J
856 ## - ELECTRONIC LOCATION AND ACCESS
Uniform Resource Identifier Copy of article
942 ## - ADDED ENTRY ELEMENTS (KOHA)
Koha item type Journals
Holdings
Withdrawn status Lost status Damaged status Not for loan Home library Current library Shelving location Date acquired Koha item type
      Journals RRII Library RRII Library Agronomy 01/01/2018 Journals